书目信息 |
| 题名: |
工程招投标与合同管理
|
|
| 作者: | 朱永祥 , 陈茂明 主编 | |
| 分册: | ||
| 出版信息: | 武汉 武汉理工大学出版社 2004.08 |
|
| 页数: | 290页 | |
| 开本: | 26cm | |
| 丛书名: | 高职高专工程造价专业系列教材 | |
| 单 册: | ||
| 中图分类: | TU723 | |
| 科图分类: | ||
| 主题词: | 建筑工程--招标--高等教育--教材 , 建筑工程--合同--管理--高等教育--教材 , 建筑工程--投标--高等教育--教材 | |
| 电子资源: | ||
| ISBN: | 7-5629-2090-7 | |
| 000 | 01061nam 2200289 450 | |
| 001 | 0137904861 | |
| 005 | 20050523165456.63 | |
| 010 | @a7-5629-2090-7@dCNY28.00 | |
| 100 | @a20050310d2004 km y0chiy0120 ea | |
| 101 | 0 | @achi |
| 102 | @aCN@b420000 | |
| 105 | @aa a 000yy | |
| 200 | 1 | @a工程招投标与合同管理@Agong cheng zhao tou biao yu he tong guan li@f朱永祥,陈茂明主编@Fzhu yong xiang,chen mao ming zhu bian |
| 210 | @a武汉@c武汉理工大学出版社@d2004.08 | |
| 215 | @a290页@c图@d26cm | |
| 225 | 2 | @a高职高专工程造价专业系列教材@v9 |
| 320 | @a有书目。 | |
| 330 | @a全书共9章,内容包括建设工程招投标概述、建设工程招标、建设工程投标、国际工程招投标、建设工程合同体系、建设工程施工合同管理等。 | |
| 410 | 0 | @12001 @a高职高专工程造价专业系列教材 |
| 606 | 0 | @a建筑工程@x招标@x高等教育@x教材 |
| 606 | 0 | @a建筑工程@x合同@x管理@x高等教育@x教材 |
| 606 | 0 | @a建筑工程@x投标@x高等教育@x教材 |
| 690 | @aTU723@v4 | |
| 701 | 0 | @a朱永祥@Azhu yong xiang@4主编 |
| 701 | 0 | @a陈茂明@Achen mao ming@4主编 |
| 801 | 0 | @aCN@bQSSK@c20050523 |
| 905 | @dTU723@eZ897 | |
| 工程招投标与合同管理/朱永祥,陈茂明主编.-武汉:武汉理工大学出版社,2004.08 |
| 290页:图;26cm.-(高职高专工程造价专业系列教材;9) |
| ISBN 7-5629-2090-7:CNY28.00 |
| 全书共9章,内容包括建设工程招投标概述、建设工程招标、建设工程投标、国际工程招投标、建设工程合同体系、建设工程施工合同管理等。 |
| ● |
| 相关链接 |
|
|
|
正题名:工程招投标与合同管理
索取号:TU723/Z897
 
预约/预借
| 序号 | 登录号 | 条形码 | 馆藏地/架位号 | 状态 | 备注 |
| 1 | 498289 | 204982894 | 建筑库201/201建筑库 31排3列2层/ [索取号:TU723/Z897] | 在馆 | |
| 2 | 498290 | 204982901 | 建筑库201/201建筑库 31排3列2层/ [索取号:TU723/Z897] | 在馆 | |
| 3 | 498291 | 204982910 | 建筑库201/201建筑库 31排3列2层/ [索取号:TU723/Z897] | 在馆 |